LIBRARY & INFORMATION CENTRE, KCAET, TAVANUR

ONLINE PUBLIC ACCESS CATALOGUE (OPAC)

Meat Hygiene (Record no. 14359)

MARC details
000 -LEADER
fixed length control field 00359nam a22001577a 4500
020 ## - INTERNATIONAL STANDARD BOOK NUMBER
ISBN 9780702022586
082 ## - DEWEY DECIMAL CLASSIFICATION NUMBER
Classification number 636.0876
Item number GRA/ME
100 ## - MAIN ENTRY--AUTHOR NAME
Personal name Gracey,J.F
100 ## - MAIN ENTRY--AUTHOR NAME
Personal name Collins,David s
100 ## - MAIN ENTRY--AUTHOR NAME
Personal name Huey,Robert.J
245 ## - TITLE STATEMENT
Title Meat Hygiene
250 ## - EDITION STATEMENT
Edition statement 10th
260 ## - PUBLICATION, DISTRIBUTION, ETC. (IMPRINT)
Place of publication Noida
Name of publisher Saunders Elsevier
Year of publication 2009
300 ## - PHYSICAL DESCRIPTION
Number of Pages 758
942 ## - ADDED ENTRY ELEMENTS (KOHA)
Koha item type Books
Holdings
Withdrawn status Lost status Damaged status Collection code Home library Current library Shelving location Date acquired Source of acquisition Cost, normal purchase price Full call number Accession Number Koha item type
        KAUAET KAUAET General Stacks 22/06/2016 Padma Book house, Palakkkad 1995.00 636.0876 GRA/ME 24756 Books
free website counter